<?xml version="1.0" encoding="UTF-8"?><?xml-stylesheet type="text/xsl" href="static/style.xsl"?><OAI-PMH xmlns="http://www.openarchives.org/OAI/2.0/" xmlns:xsi="http://www.w3.org/2001/XMLSchema-instance" xsi:schemaLocation="http://www.openarchives.org/OAI/2.0/ http://www.openarchives.org/OAI/2.0/OAI-PMH.xsd"><responseDate>2026-04-17T01:16:06Z</responseDate><request verb="GetRecord" identifier="oai:www.recercat.cat:2117/441856" metadataPrefix="marc">https://recercat.cat/oai/request</request><GetRecord><record><header><identifier>oai:recercat.cat:2117/441856</identifier><datestamp>2025-09-19T12:11:10Z</datestamp><setSpec>com_2072_1033</setSpec><setSpec>col_2072_452950</setSpec></header><metadata><record xmlns="http://www.loc.gov/MARC21/slim" xmlns:dcterms="http://purl.org/dc/terms/" xmlns:xsi="http://www.w3.org/2001/XMLSchema-instance" xmlns:doc="http://www.lyncode.com/xoai" xsi:schemaLocation="http://www.loc.gov/MARC21/slim http://www.loc.gov/standards/marcxml/schema/MARC21slim.xsd">
   <leader>00925njm 22002777a 4500</leader>
   <datafield ind2=" " ind1=" " tag="042">
      <subfield code="a">dc</subfield>
   </datafield>
   <datafield ind2=" " ind1=" " tag="720">
      <subfield code="a">Graus, Ramon</subfield>
      <subfield code="e">author</subfield>
   </datafield>
   <datafield ind2=" " ind1=" " tag="260">
      <subfield code="c">2023</subfield>
   </datafield>
   <datafield ind2=" " ind1=" " tag="520">
      <subfield code="a">L'Acadèmia Provincial de Belles Arts aprofità l'oportunitat que li donava la llibertat d'ensenyament propugnada pel Sexenni democràtic per impulsar, l'any 1871, l'Escola Lliure Provincial d'Arquitectura de Barcelona sota la direcció, en aquells moments encara interina, d'Elies Rogent i Amat. Tanmateix, no fou fins a l'any 1875, als inicis de la Restauració borbònica, quan l'Escola fou reconeguda de manera oficial sota la protecció econòmica de la Diputació provincial de Barcelona. El claustre de professors, sempre precari, anà creixent lentament; si el 1871 estava format pels tres catedràtics de l'antiga Escola de Mestres d’Obres (Elies Rogent, Francisco de Paula del Villar y Lozano, Joan Torras) i tres joves recentment incorporats (Antoni Rovira i Rabassa, Leandre Serrallach i August Font i Carreras), l’any 1875 aconseguí incorporar a Josep Vilaseca i Lluís Domènech i Montaner i, poc més tard, Josep Artigas i Adrià Casademunt. Aquest és l'equip que traslladà l'Escola des de la Llotja de Mar, seu de l'Acadèmia, al flamant edifici de Rogent de la Universitat Literària de Barcelona, durant l'estiu de 1875. L'Escola d'aquells anys hagué de seguir els plans d'estudi de l'Escola de Madrid a mida que anava trobant el seu camí propi, que lluí en l'esforç col·lectiu de l'Exposició Internacional de Barcelona de 1888, veritable presentació de l'Escola a la ciutat.</subfield>
   </datafield>
   <datafield ind2=" " ind1=" " tag="520">
      <subfield code="a">Peer Reviewed</subfield>
   </datafield>
   <datafield ind2=" " ind1=" " tag="520">
      <subfield code="a">Postprint (published version)</subfield>
   </datafield>
   <datafield ind1="8" ind2=" " tag="024">
      <subfield code="a">http://hdl.handle.net/2117/441856</subfield>
   </datafield>
   <datafield tag="653" ind2=" " ind1=" ">
      <subfield code="a">Àrees temàtiques de la UPC::Arquitectura::Arquitectes</subfield>
   </datafield>
   <datafield tag="653" ind2=" " ind1=" ">
      <subfield code="a">Elies Rogent i Amat</subfield>
   </datafield>
   <datafield tag="653" ind2=" " ind1=" ">
      <subfield code="a">ETSAB</subfield>
   </datafield>
   <datafield tag="653" ind2=" " ind1=" ">
      <subfield code="a">Escola d'arquitectura de Barcelona</subfield>
   </datafield>
   <datafield tag="653" ind2=" " ind1=" ">
      <subfield code="a">Ensenyament</subfield>
   </datafield>
   <datafield tag="653" ind2=" " ind1=" ">
      <subfield code="a">Patrimoni arquitèctonic</subfield>
   </datafield>
   <datafield ind2="0" ind1="0" tag="245">
      <subfield code="a">Rogent, director de l'Escola d'Arquitectura de Barcelona (1871-1875-1889)</subfield>
   </datafield>
</record></metadata></record></GetRecord></OAI-PMH>